000 00426nam a2200157Ia 4500
008 160316s2004 xxu||||| |||| 00| 0 eng d
082 _a362.704400
_bSAK
100 _aSakshi
245 _aSakshi vs. Union of India (UOI) and Ors. (26.05.2004-SC) - In the Supreme Court of India
250 _a
260 _a
_bManupatra
_c2004
300 _a19
_b
_c
365 _b
650 _a1. Sexual abuse of children
700 _a
_a
999 _c35399
_d35399